Risultati del Napoli in UEFA Europa League 2020-2021 - Statistics

Statistiche generali
  • Questo quiz è stato fatto 16 volte
  • Il punteggio medio è 5 su 8
Statistiche sulle risposte
Hint Risposta % Corretto
Rijeka - Napoli 1-2
77%
Napoli - Rijeka 2-0
77%
Granada - Napoli 2-0
69%
AZ Alkmaar - Napoli 1-1
62%
Napoli - Real Sociedad 1-1
62%
Napoli - Granada 2-1
62%
Napoli - AZ Alkmaar 0-1
54%
Real Sociedad - Napoli 0-1
46%
Nessun quiz corrispondente trovato
Distribuzione punteggi
Percentuale di utenti per punteggio
Percentile per numero di risposta
I tuoi punteggi nel tempo
Non hai fatto questo quiz